[Event "CAN-op"]
[Site "Edmonton CAN"]
[Date "2005.07.13"]
[Round "6.87"]
[White "Reuter, Gerhard"]
[Black "Hendon, Lee"]
[Result "1-0"]
[WhiteElo "1749"]
[BlackElo "1544"]
[PlyCount "91"]
[GameId "2160767910901865"]
[EventDate "2005.07.09"]
[EventType "swiss"]
[EventRounds "10"]
[EventCountry "CAN"]

1. f4 d5 2. Nf3 c5 3. g3 Nf6 4. Bg2 Nc6 5. e3 Bg4 6. d3 Qb6 7. h3 Bd7 8. O-O e6 9. Nc3 Bd6 10. d4 Qa6 11. Qe2 Qxe2 12. Nxe2 O-O 13. Ne5 Be8 14. Bd2 Nd7 15. c4 Nb6 16. cxd5 Nxd5 17. Rac1 b6 18. a3 f6 19. Nxc6 Bxc6 20. b4 Bb5 21. Rfe1 cxb4 22. Bxb4 Rac8 23. Nc3 Nxc3 24. Bxc3 Rc7 25. Bd2 Rfc8 26. Ra1 a6 27. Bf1 Bxf1 28. Kxf1 Rc2 29. Red1 Ra8 30. Ke1 Kf7 31. Rdc1 Rxc1+ 32. Rxc1 Ke7 33. Ke2 Kd7 34. Kd3 Ra7 35. e4 h6 36. e5 Be7 37. g4 Rc7 38. Ra1 Ra7 39. f5 Ra8 40. Ke4 Ra7 41. fxe6+ Kxe6 42. d5+ Kd7 43. e6+ Ke8 44. Rc1 a5 45. Rc8+ Bd8 46. d6 1-0

[Event "CAN-op"]
[Site "Edmonton CAN"]
[Date "2005.07.13"]
[Round "6.88"]
[White "Wihnon, Jason"]
[Black "Dewindt, Cor"]
[Result "1-0"]
[WhiteElo "1723"]
[BlackElo "1414"]
[PlyCount "44"]
[GameId "2160767910901866"]
[EventDate "2005.07.09"]
[EventType "swiss"]
[EventRounds "10"]
[EventCountry "CAN"]

1. d4 f5 2. e4 fxe4 3. Nc3 Nf6 4. f3 d5 5. fxe4 dxe4 6. Bg5 Bf5 7. Nge2 h6 8. Bxf6 exf6 9. Ng3 Bg6 10. Qg4 Bf7 11. O-O-O c6 12. Qxe4+ Be7 13. Bd3 Kf8 14. Nf5 g6 15. Nxe7 Qxe7 16. Qg4 Kg7 17. Rde1 Qd7 18. Qg3 a5 19. Rhf1 Re8 20. Rxe8 Qxe8 21. Ne4 Nd7 22. Nd6 g5 1-0

[Event "CAN-op"]
[Site "Edmonton CAN"]
[Date "2005.07.13"]
[Round "6.89"]
[White "Milner, Din"]
[Black "Tomaras, Ioannis"]
[Result "0-1"]
[WhiteElo "1132"]
[BlackElo "1680"]
[PlyCount "46"]
[GameId "2160767910901867"]
[EventDate "2005.07.09"]
[EventType "swiss"]
[EventRounds "10"]
[EventCountry "CAN"]

1. e4 c5 2. Nf3 d6 3. Nc3 Nf6 4. Bc4 Nbd7 5. Ng5 Ne5 6. Nxf7 Nxf7 7. Bxf7+ Kxf7 8. O-O g6 9. d4 cxd4 10. Qxd4 Bg7 11. e5 dxe5 12. Qxe5 Bf5 13. Re1 Rc8 14. Bg5 Qc7 15. Bxf6 Bxf6 16. Qxc7 Rxc7 17. Nd5 Rxc2 18. Rac1 Rhc8 19. Rcd1 Rxb2 20. Nxf6 exf6 21. Rc1 Rxc1 22. Rxc1 Rb1 23. Rxb1 Bxb1 0-1

[Event "CAN-op"]
[Site "Edmonton CAN"]
[Date "2005.07.13"]
[Round "6.90"]
[White "Lawson, Bianca"]
[Black "Raymer, Evan"]
[Result "0-1"]
[WhiteElo "1327"]
[BlackElo "1681"]
[PlyCount "104"]
[GameId "2160767910901868"]
[EventDate "2005.07.09"]
[EventType "swiss"]
[EventRounds "10"]
[EventCountry "CAN"]

1. e4 c5 2. Nf3 d6 3. d4 cxd4 4. Nxd4 Nf6 5. Nc3 a6 6. Be3 Ng4 7. Qd2 Nxe3 8. Qxe3 Nc6 9. O-O-O g6 10. Nf3 Bg7 11. h3 Qa5 12. a3 Bxc3 13. Qxc3 Qxc3 14. bxc3 O-O 15. g4 Bd7 16. e5 d5 17. Rxd5 Be6 18. Rd1 Rfd8 19. Be2 Bd5 20. Rhe1 Rac8 21. c4 Bxf3 22. Bxf3 Rxd1+ 23. Kxd1 Na5 24. a4 Rxc4 25. Re4 b6 26. e6 f5 27. Rxc4 Nxc4 28. Be2 Nb2+ 29. Kd2 Nxa4 30. Bxa6 fxg4 31. hxg4 Kg7 32. Bb5 Nc5 33. Bd7 Kf6 34. c4 Nxe6 35. Ke3 Nc5 36. Bb5 Kg5 37. f3 e5 38. Bc6 Kh4 39. Kf2 Kh3 40. Bd5 Kh2 41. g5 Kh3 42. Bg8 Kh4 43. Bxh7 Kxg5 44. Bg8 Kf4 45. Bd5 e4 46. fxe4 Nxe4+ 47. Kg2 Ke3 48. Kh3 Kd4 49. Kg4 Nf6+ 50. Kg5 Nxd5 51. cxd5 Kxd5 52. Kxg6 b5 0-1

[Event "CAN-op"]
[Site "Edmonton CAN"]
[Date "2005.07.13"]
[Round "6.91"]
[White "Sagert, David"]
[Black "Meller, Caleb"]
[Result "1-0"]
[WhiteElo "1810"]
[BlackElo "1365"]
[PlyCount "51"]
[GameId "2160767910901869"]
[EventDate "2005.07.09"]
[EventType "swiss"]
[EventRounds "10"]
[EventCountry "CAN"]

1. Nf3 d5 2. g3 Nc6 3. Bg2 Nf6 4. O-O e5 5. d3 h6 6. e4 dxe4 7. dxe4 Qxd1 8. Rxd1 Nxe4 9. Re1 f5 10. Nxe5 Nxe5 11. Bxe4 Be7 12. Bd5 Ng4 13. b3 Nf6 14. Ba3 Nxd5 15. c4 Kf7 16. cxd5 Bxa3 17. Nxa3 Bd7 18. Nc4 Kf6 19. d6 cxd6 20. Nxd6 Bc6 21. f4 g5 22. Re5 Rhf8 23. Rae1 Bd7 24. Re7 Bc8 25. Nxc8 Raxc8 26. R1e6# 1-0

[Event "CAN-op"]
[Site "Edmonton CAN"]
[Date "2005.07.13"]
[Round "6.93"]
[White "Laboucane, Randy"]
[Black "Longson, Stan"]
[Result "1-0"]
[WhiteElo "1626"]
[BlackElo "1322"]
[PlyCount "30"]
[GameId "2160767910901870"]
[EventDate "2005.07.09"]
[EventType "swiss"]
[EventRounds "10"]
[EventCountry "CAN"]

1. d4 d5 2. c4 e6 3. Nc3 Nf6 4. Bg5 Bb4 5. e3 Bxc3+ 6. bxc3 Nbd7 7. Nf3 O-O 8. Bd3 Qe8 9. Qc2 Ne4 10. Bxe4 dxe4 11. Qxe4 h6 12. Bf4 Nf6 13. Qe5 c6 14. Bxh6 Kh7 15. Bxg7 Rg8 1-0

[Event "CAN-op"]
[Site "Edmonton CAN"]
[Date "2005.07.13"]
[Round "6.94"]
[White "Dean, Earl"]
[Black "White, Chris"]
[Result "0-1"]
[WhiteElo "1296"]
[BlackElo "1597"]
[PlyCount "70"]
[GameId "2160767910901871"]
[EventDate "2005.07.09"]
[EventType "swiss"]
[EventRounds "10"]
[EventCountry "CAN"]

1. e4 e6 2. Nf3 d5 3. exd5 exd5 4. d4 Bd6 5. Nc3 c6 6. Bd3 Ne7 7. O-O O-O 8. Re1 Nd7 9. Bg5 f6 10. Bh4 Re8 11. Qd2 Nf8 12. Re3 Bf4 13. Rae1 Bxe3 14. Qxe3 Bg4 15. Ng5 Neg6 16. Qxe8 Qxe8 17. Rxe8 Rxe8 18. Nxh7 Nxh4 19. Nxf8 Kxf8 20. h3 Bf5 21. g3 Bxd3 22. cxd3 Nf3+ 23. Kg2 Nxd4 24. g4 Ne2 25. Nd1 Nf4+ 26. Kg3 Nxd3 27. b3 Nc1 28. Ne3 Nxa2 29. Nf5 Rd8 30. Nd4 Kf7 31. f4 c5 32. Nb5 c4 33. bxc4 dxc4 34. Kf2 c3 35. Na3 c2 0-1

[Event "CAN-op"]
[Site "Edmonton CAN"]
[Date "2005.07.13"]
[Round "6.97"]
[White "Lyall, David"]
[Black "Greber, Carter"]
[Result "1-0"]
[WhiteElo "1477"]
[BlackElo "1265"]
[PlyCount "49"]
[GameId "2160767910901873"]
[EventDate "2005.07.09"]
[EventType "swiss"]
[EventRounds "10"]
[EventCountry "CAN"]

1. c4 e5 2. Nc3 Nf6 3. e3 Bb4 4. a3 Bxc3 5. bxc3 c5 6. Qc2 Nc6 7. e4 O-O 8. d3 h6 9. Be2 d6 10. h4 Re8 11. Be3 Bg4 12. f3 Be6 13. Kf2 Qc7 14. Qd2 Qb6 15. Bxh6 gxh6 16. Qxh6 Nd7 17. Nh3 Bxh3 18. gxh3 Ne7 19. Rag1+ Ng6 20. h5 Ndf8 21. hxg6 Nxg6 22. Rxg6+ fxg6 23. Qxg6+ Kf8 24. Qf6+ Kg8 25. Rg1+ 1-0

[Event "CAN-op"]
[Site "Edmonton CAN"]
[Date "2005.07.13"]
[Round "6.99"]
[White "Meller, Kenneth"]
[Black "Bullerkist, Caitlin"]
[Result "0-1"]
[WhiteElo "1367"]
[BlackElo "1226"]
[PlyCount "70"]
[GameId "2160767910901875"]
[EventDate "2005.07.09"]
[EventType "swiss"]
[EventRounds "10"]
[EventCountry "CAN"]

1. e4 e5 2. d4 exd4 3. Qxd4 Nc6 4. Qd1 Nf6 5. Bd3 h6 6. Be3 Bb4+ 7. Bd2 Bc5 8. Qe2 Nd4 9. Qf1 O-O 10. c3 Nc6 11. Nf3 d6 12. c4 Bg4 13. Qe2 Nd4 14. Qd1 Re8 15. Nc3 Qd7 16. Be3 Ne6 17. Bxc5 dxc5 18. h3 Bh5 19. Qe2 Nd4 20. Nxd4 Bxe2 21. Ndxe2 Qxd3 22. Nf4 Qd6 23. Nfd5 Nxd5 24. Nxd5 b5 25. b3 bxc4 26. bxc4 Rab8 27. O-O Rxe4 28. Ne3 Re6 29. Rad1 Qc6 30. Nd5 Rc8 31. Rfe1 Qe8 32. Rf1 c6 33. Nf4 Rf6 34. Nh5 Rf5 35. Ng3 Rg5 0-1

[Event "CAN-op"]
[Site "Edmonton CAN"]
[Date "2005.07.13"]
[Round "6.100"]
[White "Mrugala, Jonathan"]
[Black "Greber, Caitlin"]
[Result "1-0"]
[WhiteElo "1367"]
[BlackElo "1060"]
[PlyCount "69"]
[GameId "2160767910901876"]
[EventDate "2005.07.09"]
[EventType "swiss"]
[EventRounds "10"]
[EventCountry "CAN"]

1. d4 d5 2. c4 dxc4 3. Nc3 Nc6 4. Nf3 Nf6 5. e4 e6 6. Bxc4 Bb4 7. Bd3 O-O 8. Qc2 Qe8 9. O-O e5 10. d5 Nd4 11. Nxd4 exd4 12. Nb5 Bd6 13. Nxd4 c5 14. Nf3 a6 15. e5 Bxe5 16. Re1 Nd7 17. Bxh7+ Kh8 18. Bd3 b5 19. Nxe5 Nxe5 20. Qxc5 Qd8 21. Rxe5 Re8 22. Qd4 f6 23. Qh4+ Kg8 24. Qh7+ Kf8 25. Rxe8+ Qxe8 26. Qh8+ Kf7 27. Bg6+ Ke7 28. Qxe8+ Kd6 29. Bf5 Kc7 30. h3 Kb7 31. Bxc8+ Rxc8 32. Qe4 Kc7 33. Bf4+ Kd7 34. Qe6+ Kd8 35. Re1 1-0

[Event "CAN-op"]
[Site "Edmonton CAN"]
[Date "2005.07.13"]
[Round "6.102"]
[White "Ross, Malcolm"]
[Black "Thomas, Derek"]
[Result "1/2-1/2"]
[WhiteElo "1251"]
[BlackElo "1300"]
[PlyCount "69"]
[GameId "2160767910901877"]
[EventDate "2005.07.09"]
[EventType "swiss"]
[EventRounds "10"]
[EventCountry "CAN"]

1. c4 c5 2. Nf3 Nc6 3. Nc3 e5 4. e4 Nf6 5. d3 Be7 6. Be2 d6 7. O-O O-O 8. Bg5 h6 9. Bh4 Nh7 10. Bxe7 Qxe7 11. Nd5 Qd8 12. Qb3 Rb8 13. Ne3 Nd4 14. Nxd4 cxd4 15. Nd5 Nf6 16. Nb4 Be6 17. Rac1 b5 18. Nc6 bxc4 19. Qxb8 Qxb8 20. Nxb8 Rxb8 21. dxc4 Nxe4 22. b3 Nc3 23. Rc2 Bf5 24. Rb2 e4 25. f3 e3 26. g4 Bh7 27. b4 a5 28. Rc1 Rxb4 29. Rxb4 axb4 30. Kf1 Nxa2 31. Ra1 b3 32. Kg2 Kf8 33. c5 dxc5 34. Bc4 b2 35. Rxa2 1/2-1/2

[Event "CAN-op"]
[Site "Edmonton CAN"]
[Date "2005.07.14"]
[Round "7"]
[White "Abrahams, Daniel"]
[Black "Fokkema, Jerred"]
[Result "1/2-1/2"]
[WhiteElo "1946"]
[BlackElo "1773"]
[PlyCount "69"]
[GameId "2160767910901879"]
[EventDate "2005.07.09"]
[EventType "swiss"]
[EventRounds "10"]
[EventCountry "CAN"]
[SourceTitle "CBM 107 Extra"]
[Source "ChessBase"]
[SourceDate "2005.09.01"]
[SourceVersion "1"]
[SourceVersionDate "2005.09.01"]
[SourceQuality "1"]

1. e4 c5 2. Nf3 d6 3. d4 cxd4 4. Nxd4 Nf6 5. Nc3 a6 6. Bg5 e6 7. Bd3 Be7 8. Qd2 Nc6 9. Nxc6 bxc6 10. O-O O-O 11. Kh1 d5 12. e5 Ng4 13. Bxe7 Qxe7 14. Qf4 f5 15. f3 g5 16. Qg3 Ne3 17. Rg1 f4 18. Qf2 c5 19. g3 Kh8 20. gxf4 gxf4 21. b3 Bb7 22. Rae1 Rac8 23. Nd1 c4 24. bxc4 dxc4 25. Be4 Bxe4 26. fxe4 Qc5 27. Nxe3 fxe3 28. Qxe3 Qxe5 29. Rg3 Rg8 30. Reg1 Rxg3 31. Rxg3 Qa1+ 32. Rg1 Qe5 33. c3 Rf8 34. Rg5 Qf6 35. Rg2 1/2-1/2

[Event "CAN-op"]
[Site "Edmonton CAN"]
[Date "2005.07.14"]
[Round "7"]
[White "Achtemichuk, Chris"]
[Black "Mattson, Dane"]
[Result "0-1"]
[WhiteElo "1514"]
[BlackElo "1819"]
[PlyCount "70"]
[GameId "2160767910901880"]
[EventDate "2005.07.09"]
[EventType "swiss"]
[EventRounds "10"]
[EventCountry "CAN"]
[SourceTitle "CBM 107 Extra"]
[Source "ChessBase"]
[SourceDate "2005.09.01"]
[SourceVersion "1"]
[SourceVersionDate "2005.09.01"]
[SourceQuality "1"]

1. e4 e6 2. d4 d5 3. exd5 exd5 4. c4 Nf6 5. Bd3 c6 6. Nc3 Be7 7. Nge2 O-O 8. Qc2 dxc4 9. Bxc4 Nbd7 10. Be3 Nb6 11. Bd3 Nbd5 12. Nxd5 cxd5 13. O-O Bd6 14. f3 Re8 15. Bg5 h6 16. Bh4 Bd7 17. Rac1 Bc6 18. a3 a5 19. Nc3 Bf4 20. Rce1 Qd6 21. Bxf6 Qxf6 22. Qf2 Bc7 23. Bb5 Bb6 24. Nxd5 Bxd5 25. Rxe8+ Rxe8 26. Bxe8 Bxd4 27. Kh1 Bxf2 28. Rxf2 Qe5 29. Bb5 Bxf3 30. Bd3 Bh5 31. h3 Qe1+ 32. Rf1 Qd2 33. Be4 Qe2 34. Rf4 g5 35. Bf3 Qe1+ 0-1

[Event "CAN-op"]
[Site "Edmonton CAN"]
[Date "2005.07.14"]
[Round "7"]
[White "Asquith, Tom"]
[Black "Dzieciolowski, Piotr"]
[Result "1-0"]
[WhiteElo "1789"]
[BlackElo "1686"]
[PlyCount "115"]
[GameId "2160767910901881"]
[EventDate "2005.07.09"]
[EventType "swiss"]
[EventRounds "10"]
[EventCountry "CAN"]
[SourceTitle "CBM 107 Extra"]
[Source "ChessBase"]
[SourceDate "2005.09.01"]
[SourceVersion "1"]
[SourceVersionDate "2005.09.01"]
[SourceQuality "1"]

1. c4 e5 2. g3 Nf6 3. Bg2 Nc6 4. Nc3 Bb4 5. e4 d6 6. Nge2 Bg4 7. h3 Bh5 8. a3 Bc5 9. g4 Bg6 10. d3 Nd7 11. b4 Bb6 12. Nd5 Qh4 13. Nxb6 axb6 14. Be3 O-O 15. Ng3 Qe7 16. Nf5 Qe8 17. O-O Bxf5 18. exf5 f6 19. b5 Nd8 20. f4 Nc5 21. fxe5 dxe5 22. d4 exd4 23. Bxd4 c6 24. bxc6 bxc6 25. Bf2 Nd7 26. a4 Rb8 27. Rb1 Rf7 28. c5 bxc5 29. Rxb8 Nxb8 30. Bxc5 Nb7 31. Bf2 Qc8 32. Qc2 Qc7 33. Ra1 Na5 34. Ra3 Rd7 35. Qe2 Re7 36. Re3 Rxe3 37. Qxe3 Qd8 38. Qb6 Qxb6 39. Bxb6 Nc4 40. Ba7 Na6 41. Bxc6 Nb4 42. Bd7 Ne5 43. Be6+ Kh8 44. a5 Nec6 45. Bb6 Na6 46. Kf2 g6 47. Bc4 Nab8 48. fxg6 hxg6 49. Ke3 Kg7 50. h4 Kh6 51. Ke4 Nb4 52. Be3+ Kh7 53. Bd4 N8c6 54. a6 Nxa6 55. Bxa6 Kg7 56. Bc3 Ne7 57. g5 Kf7 58. Bc4+ 1-0

[Event "CAN-op"]
[Site "Edmonton CAN"]
[Date "2005.07.14"]
[Round "7"]
[White "Barber, Glen"]
[Black "Lynn, Jim"]
[Result "1-0"]
[WhiteElo "2005"]
[BlackElo "1871"]
[PlyCount "51"]
[GameId "2160767910901882"]
[EventDate "2005.07.09"]
[EventType "swiss"]
[EventRounds "10"]
[EventCountry "CAN"]
[SourceTitle "CBM 107 Extra"]
[Source "ChessBase"]
[SourceDate "2005.09.01"]
[SourceVersion "1"]
[SourceVersionDate "2005.09.01"]
[SourceQuality "1"]

1. e4 d5 2. exd5 Nf6 3. d4 Bg4 4. f3 Bf5 5. Bb5+ c6 6. dxc6 Nxc6 7. Ne2 Qa5+ 8. Nbc3 Nd5 9. O-O Nxc3 10. Nxc3 a6 11. Bxc6+ bxc6 12. Ne4 O-O-O 13. c3 e5 14. Be3 exd4 15. cxd4 Be6 16. Qc2 Bd5 17. a3 Bd6 18. b4 Qb6 19. Rac1 Kb7 20. Nc5+ Ka7 21. Bf2 Qc7 22. Bg3 Bxg3 23. hxg3 h5 24. Qd3 Qb6 25. a4 Qxb4 26. Qxa6+ 1-0

[Event "CAN-op"]
[Site "Edmonton CAN"]
[Date "2005.07.14"]
[Round "7"]
[White "Baser, John"]
[Black "Doubleday, William"]
[Result "0-1"]
[WhiteElo "1815"]
[BlackElo "2069"]
[PlyCount "69"]
[GameId "2160767910901883"]
[EventDate "2005.07.09"]
[EventType "swiss"]
[EventRounds "10"]
[EventCountry "CAN"]
[SourceTitle "CBM 107 Extra"]
[Source "ChessBase"]
[SourceDate "2005.09.01"]
[SourceVersion "1"]
[SourceVersionDate "2005.09.01"]
[SourceQuality "1"]

1. e4 c5 2. Nf3 Nc6 3. d4 cxd4 4. Nxd4 Nf6 5. Nc3 d6 6. Bc4 e6 7. Bb3 Be7 8. Be3 O-O 9. Qe2 Nxd4 10. Bxd4 Bd7 11. f3 Qa5 12. O-O-O Rfc8 13. Rd3 b5 14. e5 dxe5 15. Qxe5 Qc7 16. Qxc7 Rxc7 17. Be5 Rb7 18. Rhd1 Bc6 19. a3 Kf8 20. Kb1 Nd7 21. Bd6 Nc5 22. Bxe7+ Kxe7 23. Rd6 Rc8 24. Ba2 a5 25. Ne2 a4 26. c3 g5 27. h3 h5 28. R6d4 Rg8 29. Kc2 g4 30. hxg4 hxg4 31. fxg4 Bxg2 32. Ng3 Bf3 33. Re1 Bxg4 34. Re5 Rc7 35. Ne4 0-1

[Event "CAN-op"]
[Site "Edmonton CAN"]
[Date "2005.07.14"]
[Round "7"]
[White "Beebe, Greg"]
[Black "Taylor, William"]
[Result "1/2-1/2"]
[WhiteElo "1637"]
[BlackElo "1900"]
[PlyCount "94"]
[GameId "2160767910901884"]
[EventDate "2005.07.09"]
[EventType "swiss"]
[EventRounds "10"]
[EventCountry "CAN"]
[SourceTitle "CBM 107 Extra"]
[Source "ChessBase"]
[SourceDate "2005.09.01"]
[SourceVersion "1"]
[SourceVersionDate "2005.09.01"]
[SourceQuality "1"]

1. c4 g6 2. g3 c5 3. Bg2 Bg7 4. Nf3 Nf6 5. O-O Nc6 6. d3 b6 7. Nc3 Bb7 8. Rb1 O-O 9. Bf4 d6 10. Qd2 e5 11. Bg5 Qd7 12. e4 Nd4 13. Nxd4 cxd4 14. Nd5 Nxd5 15. exd5 f6 16. Bh6 Qa4 17. Bxg7 Kxg7 18. b3 Qd7 19. f4 Qe7 20. f5 gxf5 21. Rxf5 Bc8 22. Rh5 Bg4 23. Rh4 Bf5 24. Be4 Bxe4 25. Rxe4 f5 26. Rh4 Rf6 27. Re1 Rg6 28. Kh1 Rf8 29. Rxd4 Qg5 30. Qxg5 Rxg5 31. Rh4 h5 32. Rb1 Kg6 33. a4 Rg4 34. Rxg4+ fxg4 35. Kg2 Rf3 36. Rd1 Kf5 37. b4 e4 38. dxe4+ Kxe4 39. c5 bxc5 40. bxc5 dxc5 41. d6 Rf8 42. d7 Rd8 43. Kf2 c4 44. Ke2 c3 45. Rd6 c2 46. Kd2 Ke5 47. Rd3 Ke6 1/2-1/2

[Event "CAN-op"]
[Site "Edmonton CAN"]
[Date "2005.07.14"]
[Round "7"]
[White "Bertrand, Daryl"]
[Black "Gokhale, Anupama"]
[Result "0-1"]
[WhiteElo "1987"]
[BlackElo "2243"]
[PlyCount "60"]
[GameId "2160767910901885"]
[EventDate "2005.07.09"]
[EventType "swiss"]
[EventRounds "10"]
[EventCountry "CAN"]
[SourceTitle "CBM 107 Extra"]
[Source "ChessBase"]
[SourceDate "2005.09.01"]
[SourceVersion "1"]
[SourceVersionDate "2005.09.01"]
[SourceQuality "1"]

1. e4 d6 2. d4 Nf6 3. Nc3 g6 4. f4 Bg7 5. Nf3 O-O 6. Bd3 Nc6 7. e5 dxe5 8. fxe5 Nh5 9. Be3 Bg4 10. Bc4 Kh8 11. O-O f6 12. exf6 exf6 13. Qd2 Bxf3 14. Rxf3 f5 15. Rd1 f4 16. Bxf4 Qxd4+ 17. Qxd4 Nxd4 18. Bxc7 Nxf3+ 19. gxf3 Rac8 20. Rd7 Nf6 21. Re7 Ne8 22. Nd5 Nxc7 23. Nxc7 Bf6 24. Rd7 Rcd8 25. Rxd8 Rxd8 26. Bd3 Bxb2 27. h3 Rd4 28. Be4 Rd2 29. Ne6 b6 30. a4 Rd6 0-1

[Event "CAN-op"]
[Site "Edmonton CAN"]
[Date "2005.07.14"]
[Round "7"]
[White "Blackwell, Ross"]
[Black "Erickson, John"]
[Result "1/2-1/2"]
[WhiteElo "1476"]
[BlackElo "1904"]
[PlyCount "113"]
[GameId "2160767910901886"]
[EventDate "2005.07.09"]
[EventType "swiss"]
[EventRounds "10"]
[EventCountry "CAN"]
[SourceTitle "CBM 107 Extra"]
[Source "ChessBase"]
[SourceDate "2005.09.01"]
[SourceVersion "1"]
[SourceVersionDate "2005.09.01"]
[SourceQuality "1"]

1. d4 d6 2. c4 g6 3. Nc3 Nf6 4. e4 Nbd7 5. Bd3 e5 6. d5 Nc5 7. Bc2 a5 8. Nge2 Bg7 9. O-O O-O 10. Bg5 Bg4 11. h3 Bd7 12. Qd2 Qc8 13. Kh2 Rb8 14. a4 Kh8 15. f3 Ng8 16. Nb5 b6 17. Be3 Na6 18. Rab1 Nb4 19. Ng3 Ne7 20. Bg5 f6 21. Be3 Rf7 22. Rbd1 f5 23. exf5 Nxc2 24. Qxc2 Nxf5 25. Nxf5 Bxf5 26. Qd2 Qf8 27. b3 Qe7 28. Rde1 Bf6 29. Re2 Bd7 30. Nc3 Qe8 31. Ne4 Be7 32. Qd1 Bf5 33. Ng5 Rf8 34. Bc1 Qd8 35. Ne4 Bxe4 36. Rxe4 Rf7 37. f4 exf4 38. Rexf4 Rxf4 39. Rxf4 Bf6 40. Rf2 Be5+ 41. Bf4 Qe7 42. Qf3 Re8 43. Bxe5+ Qxe5+ 44. g3 Qe7 45. Kg2 Kg7 46. g4 h6 47. h4 Qe4 48. Kg3 Qe3 49. Qxe3 Rxe3+ 50. Rf3 Re7 51. g5 hxg5 52. hxg5 Re1 53. Kf4 Re7 54. Re3 Rf7+ 55. Ke4 Rf5 56. Rg3 Kf7 57. Rf3 1/2-1/2

[Event "CAN-op"]
[Site "Edmonton CAN"]
[Date "2005.07.14"]
[Round "7"]
[White "Boot, Steven"]
[Black "Marshall, Jim"]
[Result "0-1"]
[WhiteElo "1382"]
[BlackElo "1726"]
[PlyCount "127"]
[GameId "2160767910901887"]
[EventDate "2005.07.09"]
[EventType "swiss"]
[EventRounds "10"]
[EventCountry "CAN"]
[SourceTitle "CBM 107 Extra"]
[Source "ChessBase"]
[SourceDate "2005.09.01"]
[SourceVersion "1"]
[SourceVersionDate "2005.09.01"]
[SourceQuality "1"]

1. e4 c5 2. c4 Nc6 3. Nc3 g6 4. g3 Bg7 5. Bg2 Nf6 6. d3 d6 7. Nge2 a6 8. O-O Bd7 9. f3 Qc8 10. Be3 Bh3 11. Qd2 Bxg2 12. Kxg2 O-O 13. Bh6 Ne8 14. Bxg7 Nxg7 15. Nd5 Qd8 16. f4 Ne6 17. f5 Ned4 18. Nxd4 Nxd4 19. Qg5 f6 20. Qh6 g5 21. Rac1 Rf7 22. h4 gxh4 23. Qxh4 Qf8 24. Ne3 Qg7 25. Ng4 Kh8 26. Rce1 Nc6 27. Nh6 Rff8 28. Rf4 Ne5 29. Re3 Qg5 30. Qh3 Kg7 31. Ng4 h5 32. Nh2 Rh8 33. Nf3 Qh6 34. Nxe5 dxe5 35. Rff3 Rag8 36. Qh4 Kf7 37. Kf2 Rg4 38. Qh3 Rhg8 39. a3 h4 40. b4 cxb4 41. axb4 Qg5 42. c5 Rh8 43. Ke2 Rh5 44. Qg2 Ke8 45. Kf2 Qg8 46. Kg1 Rhg5 47. Kh2 hxg3+ 48. Rxg3 Rxg3 49. Rxg3 Rxg3 50. Qxg3 Qxg3+ 51. Kxg3 Kd7 52. Kg4 Kc6 53. Kh5 Kb5 54. Kg6 Kxb4 55. Kf7 a5 56. Kxe7 a4 57. Kxf6 a3 58. Kg7 a2 59. f6 a1=Q 60. f7 Qg1+ 61. Kf6 Qxc5 62. Kg7 Qe7 63. Kg8 Qg5+ 64. Kf8 0-1

[Event "CAN-op"]
[Site "Edmonton CAN"]
[Date "2005.07.14"]
[Round "7"]
[White "Boron, Anthony"]
[Black "Dougherty, Michael"]
[Result "1/2-1/2"]
[WhiteElo "1966"]
[BlackElo "2332"]
[PlyCount "47"]
[GameId "2160767910901888"]
[EventDate "2005.07.09"]
[EventType "swiss"]
[EventRounds "10"]
[EventCountry "CAN"]
[SourceTitle "CBM 107 Extra"]
[Source "ChessBase"]
[SourceDate "2005.09.01"]
[SourceVersion "1"]
[SourceVersionDate "2005.09.01"]
[SourceQuality "1"]

1. e4 g6 2. d4 Bg7 3. Nc3 c5 4. dxc5 Qa5 5. Bd2 Qxc5 6. Nd5 b6 7. Bb4 Qc6 8. Bb5 Qb7 9. Bc3 f6 10. Qf3 a6 11. Bd3 Nc6 12. O-O-O b5 13. Qg3 d6 14. h4 Be6 15. h5 Bf7 16. Nf3 O-O-O 17. Kb1 Nh6 18. b3 Kb8 19. Ng5 Bg8 20. hxg6 hxg6 21. Nf3 Bf7 22. Ng5 Bg8 23. Nf3 Bf7 24. Ng5 1/2-1/2

[Event "CAN-op"]
[Site "Edmonton CAN"]
[Date "2005.07.14"]
[Round "7"]
[White "Bowles, Charles"]
[Black "Geley, Shawn"]
[Result "0-1"]
[WhiteElo "1625"]
[BlackElo "1522"]
[PlyCount "35"]
[GameId "2160767910901889"]
[EventDate "2005.07.09"]
[EventType "swiss"]
[EventRounds "10"]
[EventCountry "CAN"]
[SourceTitle "CBM 107 Extra"]
[Source "ChessBase"]
[SourceDate "2005.09.01"]
[SourceVersion "1"]
[SourceVersionDate "2005.09.01"]
[SourceQuality "1"]

1. e4 e5 2. Nf3 Nc6 3. Bb5 a6 4. Ba4 Nf6 5. O-O b5 6. Bb3 Be7 7. Re1 O-O 8. c3 d5 9. exd5 Nxd5 10. Bc2 f5 11. Nxe5 Nxe5 12. Rxe5 c6 13. d4 Bd6 14. Re1 Qh4 15. g3 Qh3 16. Qf3 f4 17. Qg2 fxg3 18. Qxh3 0-1

[Event "CAN-op"]
[Site "Edmonton CAN"]
[Date "2005.07.14"]
[Round "7"]
[White "Breel, Kevin"]
[Black "Smith, Maurice"]
[Result "1/2-1/2"]
[WhiteElo "1544"]
[BlackElo "1708"]
[PlyCount "55"]
[GameId "2160767910901890"]
[EventDate "2005.07.09"]
[EventType "swiss"]
[EventRounds "10"]
[EventCountry "CAN"]
[SourceTitle "CBM 107 Extra"]
[Source "ChessBase"]
[SourceDate "2005.09.01"]
[SourceVersion "1"]
[SourceVersionDate "2005.09.01"]
[SourceQuality "1"]

1. d4 Nf6 2. c4 c5 3. d5 b5 4. cxb5 a6 5. b6 Qxb6 6. Nc3 d6 7. e4 g6 8. Nf3 Nbd7 9. Be2 Bg7 10. Nd2 Ne5 11. f4 Neg4 12. Nc4 Qd8 13. h3 Nh6 14. a4 a5 15. O-O Ba6 16. Qc2 Nd7 17. Nb5 Nb6 18. Bd2 Nxc4 19. Bxc4 O-O 20. Rfe1 Bc8 21. Rad1 Bd7 22. Bc3 Bxc3 23. Qxc3 f6 24. e5 Bxb5 25. Bxb5 Nf5 26. exd6 exd6 27. Re4 Nd4 28. Rde1 1/2-1/2

[Event "CAN-op"]
[Site "Edmonton CAN"]
[Date "2005.07.14"]
[Round "7"]
[White "Bullerkist, Caitlin"]
[Black "Robertson, Trevor"]
[Result "0-1"]
[WhiteElo "1226"]
[BlackElo "1597"]
[PlyCount "94"]
[GameId "2160767910901891"]
[EventDate "2005.07.09"]
[EventType "swiss"]
[EventRounds "10"]
[EventCountry "CAN"]
[SourceTitle "CBM 107 Extra"]
[Source "ChessBase"]
[SourceDate "2005.09.01"]
[SourceVersion "1"]
[SourceVersionDate "2005.09.01"]
[SourceQuality "1"]

1. e4 e6 2. Nf3 d5 3. e5 c5 4. d4 Nc6 5. dxc5 Bxc5 6. Bb5 Qb6 7. Bd3 Bxf2+ 8. Kf1 Bc5 9. Nbd2 Nge7 10. Nb3 Nd4 11. Nbxd4 Bxd4 12. Nxd4 O-O 13. c3 f6 14. exf6 Rxf6+ 15. Nf3 Nf5 16. Bxf5 Rxf5 17. Qd4 Qb5+ 18. Ke1 Bd7 19. b3 Rc8 20. Bb2 e5 21. Qd2 Be6 22. Kd1 Rcf8 23. Kc2 a5 24. Qd3 Qxd3+ 25. Kxd3 e4+ 26. Kc2 exf3 27. gxf3 Rxf3 28. Rae1 Rf2+ 29. Kb1 Bf5+ 30. Ka1 Be4 31. Ba3 R8f3 32. c4 Rd3 33. Rhf1 Rxf1 34. Rxf1 h6 35. Rf8+ Kh7 36. Rf7 Rd1+ 37. Kb2 dxc4 38. bxc4 Rd2+ 39. Kb3 Rxh2 40. Re7 Bc6 41. Bd6 a4+ 42. Ka3 Rh3+ 43. Kb2 Rh4 44. c5 Rg4 45. Kc2 Rg2+ 46. Kb1 a3 47. Ka1 Rg1+ 0-1